Bilecik Bilecik Bilecik Bilecik Bilecik

V. Lisansüstü Eğitim Sempozyumu : (Record no. 40132)

MARC details
000 -BAŞLIK
Sabit Uzunluktaki Kontrol Alanı 01264nam a22003617a 4500
001 - KONTROL NUMARASI
Control Dosyası 0040255
003 - KONTROL NUMARASI KİMLİĞİ
Kontrol Alanı KOHA_MİRAKIL
005 - EN SON İŞLEM TARİHİ ve ZAMANI
Kontrol Alanı 20260207003156.0
007 - FİZİKSEL TANIM SABİT ALAN - GENEL BİLGİ
Sabit uzunluklu kontrol alanı ta
008 - SABİT UZUNLUKTAKİ VERİ ÖGELERİ - GENEL BİLGİ
Sabit Alan 130509b2012 tu a|||gro|||#1|||0|tur |
020 ## - ISBN - ULUSLARARASI STANDART KİTAP NUMARASI
Isbn 9789755072593
040 ## - KATALOGLAMA KAYNAĞI
Özgün Kataloglama Kurumu TR-BiSEU
Kataloglama Dili tur
Çeviri Kurumu TR-BiSEU
Açıklama Kuralları rda
041 0# - DİL KODU
Metin ya da ses kaydının dil kodu tur
044 ## - YAYINLAYAN/ÜRETEN KURULUŞUN ÜLKE KODU
ISO country code tu
050 ## - SINIFLAMA ve YER NUMARASI
Sınıflama Numarası LB2371.6
Yer Numarası .L57 2012
111 2# - TOPLANTI ADI
Toplantı Adı Lisansüstü Eğitim Sempozyumu (5. : 2011: Ankara,Turkey)
9 (RLIN) 74674
245 1# - ESER ADI BİLDİRİMİ
Başlık V. Lisansüstü Eğitim Sempozyumu :
Alt Eseradı vb. bildiriler 7-8 Ekim 2011, Gazi Üniversitesi/
Sorumluluk Bildirimi düzenleme kurulu başkanı Nezahat Güçlü.
250 ## - BASIM BİLDİRİMİ
Basım Bildirimi 1st ed.
264 #1 - ÜRERİM, YAYIN, DAĞITIM ve TELİF BİLDİRİMİ
Yayın yeri Ankara :
Yayınlayan Gazi Üniversitesi
Yayın tarihi 2012
300 ## - FİZİKSEL TANIMLAMA
Sayfa, Cilt vb. 493 sayfa :
Diğer fiziki detaylar resimli; 24 cm.
336 ## - İÇERİK TÜRÜ
Content type term metin
Content type code txt
Source rdacontent
337 ## - MEDYA TÜRÜ
Media type term aracısız
Media type code n
Source rdamedia
338 ## - TAŞIYICI TÜRÜ
Carrier type term cilt
Carrier type code nc
Source rdacarrier
490 0# - DİZİ BİLDİRİMİ
Dizi Bildirimi Gazi Üniversitesi.
490 0# - DİZİ BİLDİRİMİ
Dizi Bildirimi Eğitim Bilimleri Enstitüsü yayınları
500 ## - GENEL NOT
Genel Not Kaynakça var.
650 #0 - KONU BAŞLIĞI EK GİRİŞ - KONU TERİMİ
Konusal terim veya coğrafi ad Universities and colleges--Graduate work--Congresses.
9 (RLIN) 74675
650 #0 - KONU BAŞLIĞI EK GİRİŞ - KONU TERİMİ
Konusal terim veya coğrafi ad Universities and colleges--Turkey--Graduate work--Congresses.
9 (RLIN) 74676
830 0# - SERİ EK GİRİŞİ - TEKBİÇİM ESER ADI
Tekbiçim Başlık Gazi Üniversitesi.
9 (RLIN) 43899
830 0# - SERİ EK GİRİŞİ - TEKBİÇİM ESER ADI
Tekbiçim Başlık Eğitim Bilimleri Enstitüsü yayınları
9 (RLIN) 74677
907 ## - LOCAL DATA ELEMENT G, LDG (RLIN)
a Sempozyum
942 ## - EK GİRİŞ ÖGELERİ (KOHA)
Source of classification or shelving scheme Library of Congress Classification
Koha item type Book
Holdings
Materyal Türü Kalıcı Konum Mevcut Konum Raf Yeri Sınıflandırma Kaynağı Edinim Bilgisi Ana Konular Alt Konular Yer Numarası Demirbaş Numarası Fatura Tarihi Geri Çekilme Durumu Kayıp Durumu Hasarlı Durumu Kredi için değil Kayıt Tarih Toplam Ödünçverme Son Görülme Tarihi Son Kontrol Tarihi Genel / Bağış Notu
Book Prof. Dr. Azmi Özcan Kütüphanesi Prof. Dr. Azmi Özcan Kütüphanesi Uluğbey Salonu Library of Congress Classification Bağış EĞİTİM Eğitim Teorisi ve Uygulaması LB2371.6 .L57 2012 0040255 02/02/2026         09/05/2013   05/12/2024 05/12/2024 Genel Bağış